00413nam a2200121Ia 450000500170000000800410001708200150005810000180007324500540009126000660014530000120021150000680022320250528033443.0240331s9999 xx 000 0 und d a303.6bGUN aGunasekara, D 0aRata dekada karanawada :bnathnam walakwanawada? aSri LankabDivision of the Communist party of Sri Lankac1987 a32 p ., aDebate on the extension of the state of emergency on 22.10.1987